• 首页
  • 本馆介绍
  • 公告通知
  • 最新文献
  • 馆藏检索
  • 电子资源
  • 读者导购
  • 参考咨询
  • 我的图书馆
  • 登录
  • 详细信息显示
  • 放入我的书架
  • 预约/预借图书
  • 作者相关作品
  • 分类相关作品
  • 丛书相关作品
  • 出版社相关作品

书目信息

  • 表格格式
  • 工作单格式
  • 卡片格式
题名:
英国一周游
    
 
作者: ;亲历者编辑部 编著
分册:  
出版信息: 北京   中国铁道出版社  2016
页数: 239页
开本: 24cm
丛书名: 旅游书架
单 册:
中图分类: K956.19
科图分类:
主题词: 旅游指南--英国
电子资源:
ISBN: 978-7-113-21529-3
000 01120nam0 2200265 450
001 2689
005 20161205144336.84
010    @a978-7-113-21529-3@dCNY48.00
100    @a20160615d2016 em y0chiy50 ea
101 0  @achi
102    @aCN@b110000
105    @aab z 000yy
200 1  @a英国一周游@9ying guo yi zhou you@b专著@f《亲历者》编辑部编著
205    @a2版
210    @a北京@c中国铁道出版社@d2016
215    @a239页@c照片,地图@d24cm
225 2  @a旅游书架@i亲历者旅行指南
330    @a本书以一周为限,以旅行者为视角,制作细致、合理的线路安排。文前详细介绍了旅行前的计划、准备、出发,以及返回的实用攻略。正文则分为伦敦周边休闲一周游、苏格兰风情一周游、英国中部花样一周游三部分,将伦敦、牛津、剑桥、爱丁堡、格拉斯哥、利物浦、伯明翰等多个英国著名城市串联起来;路线中还充分考虑到吃、住、购、娱、行等出行必备信息,可让你在有限的时间内充分游遍英国。
461  0 @12001 @a旅游书架
462  0 @12001 @a亲历者旅行指南
606 0  @a旅游指南@y英国
690    @aK956.19@v5
711 02 @a亲历者编辑部@9qin li zhe bian ji bu@4编著
801  0 @aCN@b大连网信软件有限公司图书馆·11@c20161205
905    @aZUCC@dK956.19@e399=2
    
    英国一周游/《亲历者》编辑部编著.-2版.-北京:中国铁道出版社,2016
    239页:照片,地图;24cm.-(旅游书架.亲历者旅行指南)
    
    
    ISBN 978-7-113-21529-3:CNY48.00
    本书以一周为限,以旅行者为视角,制作细致、合理的线路安排。文前详细介绍了旅行前的计划、准备、出发,以及返回的实用攻略。正文则分为伦敦周边休闲一周游、苏格兰风情一周游、英国中部花样一周游三部分,将伦敦、牛津、剑桥、爱丁堡、格拉斯哥、利物浦、伯明翰等多个英国著名城市串联起来;路线中还充分考虑到吃、住、购、娱、行等出行必备信息,可让你在有限的时间内充分游遍英国。
●
相关链接 在E读中查询图书 在五车中查询图书 在当当中查询图书 在豆瓣中查询图书


正题名:英国一周游     索取号:K956.19/399=2         预约/预借

序号 登录号 条形码 馆藏地/架位号 状态 备注
1 910781   209107811   第二样本阅览室/ [索取号:K956.19/399=2] 在馆    
2 910782   209107820   第二借阅区/ [索取号:K956.19/399=2] 在馆    
3 910783   209107839   第二借阅区/ [索取号:K956.19/399=2] 在馆    
4 910784   209107848   第二借阅区/ [索取号:K956.19/399=2] 在馆    
5 910785   209107857   第二借阅区/ [索取号:K956.19/399=2] 在馆    
唐山师范学院图书馆 欢迎您!
大连网信软件有限公司© 版权所有